Bytový dom

Guardado en:
Detalles Bibliográficos
Autor principal: Morávková, Božena (Autor)
Otros Autores: Rabenseifer, Roman (Orientador)
Formato: Manuscrito Libro
Lenguaje:eslovaco
Publicado: 2016
Materias:
Acceso en línea:http://is.stuba.sk/zp/portal_zp.pl?podrobnosti=100007
https://opac.crzp.sk/?fn=detailBiblioForm&sid=427371B0090519B80446D421842E
Etiquetas: Agregar Etiqueta
Sin Etiquetas, Sea el primero en etiquetar este registro!

MARC

LEADER 00000ntm a22000003a 4500
001 stuzp56373
003 SK-STU
005 20230626125701.1
007 ta
008 150427s2015----xo-----f-mn---000-0-slo-d
040 |a STU  |b slo 
041 0 |a slo 
100 1 |a Morávková, Božena  |u 010180  |4 aut  |U SvF Stavebná fakulta  |T SvF Katedra konštrukcií pozemných stavieb  |X 55947  |U V180  |Y 18  |7 55947 
242 0 1 |a The residential building  |y eng 
245 1 0 |a Bytový dom 
260 |c 2016 
650 4 |a bytový dom s polyfunkciou  |2 slo 
650 4 |a realizačný projekt  |2 slo 
650 4 |a výkresová dokumentácia  |2 slo 
650 4 |a tepelnotechnické posúdenie  |2 slo 
650 4 |a výpisy prvkov  |2 slo 
650 4 |a residential house  |2 eng 
650 4 |a construction project  |2 eng 
650 4 |a plans  |2 eng 
650 4 |a listings of elements  |2 eng 
650 4 |a thermal and technical characteristics  |2 eng 
700 1 |a Rabenseifer, Roman  |u 010180  |k Z1  |4 ths  |U SvF Stavebná fakulta  |T SvF Katedra konštrukcií pozemných stavieb  |X 727  |U V180  |Y 18  |7 A000000727 
856 4 |u http://is.stuba.sk/zp/portal_zp.pl?podrobnosti=100007 
856 4 |u https://opac.crzp.sk/?fn=detailBiblioForm&sid=427371B0090519B80446D421842E 
SQL |a stuzp56373  |b DBP  |c SLO  |d Bytový dom  |e 55947  |f Morávková, Božena  |g 010180  |h 727  |i Rabenseifer, Roman  |j 20160621  |k 4  |l 01  |m http://is.stuba.sk/zp/portal_zp.pl?podrobnosti=100007  |n B-PSA  |o 5.1.4. pozemné stavby, 5.1.1. architektúra a urbanizmus